Sports Quiz

Random Sports or Football Quiz

5,000 NFL Rushing Yards for 1 Team Quiz Stats

 Plays Quiz Updated Oct 6, 2018

Challenge
Share
Tweet
Embed
Score 0/100 Timer 10:00
1 Play Today
Team Player % Correct
CowboysEmmitt Smith
94.6%
VikingsRobert Smith
94.2%
BrownsJim Brown
91%
RedskinsLarry Brown
90.3%
VikingsBill Brown
90.3%
LionsBarry Sanders
89.5%
49ersFrank Gore
89.3%
Oilers/TitansChris Johnson
87.9%
ChiefsLarry Johnson
87.8%
BengalsRudi Johnson
87.7%
BengalsPete Johnson
87.6%
VikingsAdrian Peterson
87.3%
RamsSteven Jackson
87%
BillsFred Jackson
86.5%
ChargersLaDainian Tomlinson
86.4%
DolphinsRicky Williams
85.2%
PanthersDeAngelo Williams
85.2%
BearsWalter Payton
84.8%
SteelersJerome Bettis
84.5%
ColtsEdgerrin James
83.9%
ColtsMarshall Faulk
83.6%
RamsMarshall Faulk
83.6%
GiantsTiki Barber
83%
BroncosTerrell Davis
83%
RedskinsStephen Davis
82.7%
SeahawksShaun Alexander
81.6%
JetsCurtis Martin
80.9%
EaglesLeSean McCoy
78%
TexansArian Foster
77.7%
RavensJamal Lewis
77.2%
RavensRay Rice
76.4%
PackersAhman Green
76.1%
BearsMatt Forte
75.7%
BillsThurman Thomas
75.7%
Team Player % Correct
JaguarsMaurice Jones-Drew
74.5%
JaguarsFred Taylor
74.1%
PackersJim Taylor
74%
FalconsJamal Anderson
73.4%
CardinalsOttis Anderson
73.3%
BearsNeal Anderson
73.2%
ChiefsPriest Holmes
73%
ColtsEric Dickerson
72.1%
RamsEric Dickerson
72.1%
SteelersFranco Harris
72%
Oilers/TitansEddie George
71.9%
RaidersMarcus Allen
71.8%
FalconsWarrick Dunn
69.7%
FalconsMichael Turner
69.2%
ChiefsJamaal Charles
68.9%
RedskinsClinton Portis
68.7%
EaglesBrian Westbrook
67.8%
PanthersJonathan Stewart
67%
BengalsCorey Dillon
65.6%
BillsO.J. Simpson
65.2%
RedskinsJohn Riggins
62.6%
CowboysTony Dorsett
62%
SaintsDeuce McAllister
60.3%
Oilers/TitansEarl Campbell
59.8%
SteelersWillie Parker
57.7%
DolphinsLarry Csonka
55.8%
49ersRoger Craig
54.5%
GiantsBrandon Jacobs
52.8%
BuccaneersMike Alstott
52%
SeahawksMarshawn Lynch
48.7%
49ersGarrison Hearst
46.7%
GiantsJoe Morris
41.8%
SeahawksCurt Warner
35.6%
FalconsGerald Riggs
31.5%
Team Player % Correct
LionsBilly Sims
31.2%
PatriotsSam Cunningham
25.4%
EaglesWilbert Montgomery
25.2%
GiantsRodney Hampton
25.2%
CowboysCalvin Hill
25.1%
JetsFreeman McNeil
25.1%
BrownsKevin Mack
24.4%
SeahawksChris Warren
24.2%
VikingsChuck Foreman
21.2%
BuccaneersJames Wilder
21%
BengalsJames Brooks
20.4%
BroncosFloyd Little
18.2%
BrownsLeroy Kelly
15.9%
ColtsLydell Mitchell
15.5%
FalconsWilliam Andrews
15.5%
49ersJoe Perry
14.7%
BrownsGreg Pruitt
14.5%
BrownsMike Pruitt
14.4%
EaglesSteve Van Buren
14.1%
ColtsLenny Moore
14%
BroncosSammy Winder
13.7%
RaidersMark van Eeghen
12%
JetsEmerson Boozer
11.5%
PatriotsJim Nance
11.5%
RamsLawrence McCutcheon
11%
PackersJohn Brockington
9.8%
CowboysDon Perkins
5.6%
49ersKen Willard
4.1%
LionsDexter Bussey
3.8%
BearsRick Casares
3.8%
RamsDick Bass
3.7%
RaidersClem Daniels
3.7%

You're not logged in!

Compare scores with friends on all Sporcle quizzes.
OR
Log In

You Might Also Like...

Show Comments

Extras

Top Quizzes Today


Score Distribution

Your Account Isn't Verified!

In order to create a playlist on Sporcle, you need to verify the email address you used during registration. Go to your Sporcle Settings to finish the process.

Report this User

Report this user for behavior that violates our Community Guidelines.

Details: